000 00294nam a2200121Ia 4500
005 20250409180945.0
008 250409s9999||||xx |||||||||||||| ||und||
100 _aRATHOR, BS
245 0 _aEXPORT MARKETING
260 _bHIMALAYA PUBLISHING HOUSE,
_aDELHI:
650 _vManagement
942 _cBOOK
999 _c4303
_d4303